000 00421nam a2200181Ia 4500
001 9039
005 20260306160654.0
008 260306t2013||||xx |||||||||||||| ||spa||
041 _aESP
082 _a372.4
_bC95
100 _aCuetos Vega, Fernando
_eAUT
245 0 _aPsicologĂ­a de la lectura
260 _c2013
300 _a222 páginas :
_c24 cm.
650 _aGEN
654 _aCED
942 _cLIB
_dJUS
_fJUS
_2ddc
_n
999 _c9039
_d9039